00386nam a2200145Ia 4500100001900000942000700019654001500026245002500041260003100066082001400097300000800111546001200119999001700131952009200148 aJanaki/ Ram D  cBK aManagement aManagement of data bNarosa bookaAcklandc1998 a5.74bRAM a314 aENGLISH c34412d34412 001040708CRCaCRCEbCRCEd2023-03-17l0o5.74 RAMp10458r2023-03-17w2023-03-17yBK